K úlohám štátnej politiky SR vo vede a technike

Bibliographic Details
Main Author: Adamec, Vladimír (Author)
Format: Article
Language:Slovak
PhysicalDescription:Tab. 1
ISBN:8023102680
Subjects:

MARC

LEADER 00000nab a2200000 a 4500
001 vtls000500782
003 SK-MaSNL
005 20260303020322.0
008 120927c1992 xo 0 slo
015 |a SNBRA19rr/mm-uuuuu 
035 |a CL0500920 
040 |a SNKBUCL  |b slo  |c SNKBUCL  |e AACR2 
041 0 |a slo 
044 |a xo  |c SK 
080 |a 330.341.1:001.89:338.28  |2 1981 
080 |a 001.89  |2 1981 
080 |a 338.28  |2 1981 
100 1 |a Adamec, Vladimír  |4 aut  |9 279345 
245 1 0 |a K úlohám štátnej politiky SR vo vede a technike  |c Vladimír Adamec 
300 |b Tab. 1 
650 0 7 |a veda  |2 snkbucl  |9 1599 
650 0 7 |a technika  |2 snkbucl  |9 671 
655 7 |a články zo zborníkov  |2 snkbucl  |9 166140 
773 0 |t Zásadné otázky rozvoja vedy a techniky na Slovensku. 1. diel  |d Žilina : Dom techniky ZSVTS, 1992  |g S. 82-90  |z 8023102680 
850 |a Slovenská národná knižnica v Martine  |a MTA001 
852 |a SNK  |b KIS3GCP 
958 |a RK 
992 |a RZB 
999 |c 1617632  |d 1619562